000 00786nam a2200253Ia 4500
003 OSt
005 20220924123532.0
006 a|||||r|||| 00| 0
007 ta
008 220923b |||||||| |||| 00| 0 urd d
020 _c500.00
024 _a261486
037 _bMPH/6063/3, 16/01/2012, Modern Publishing House
_cTextual
040 _aARTS
_cARTS
_burd
041 _2urd
_aurd
082 _aO168,1M76:g(Q7), P6
100 _aKashmiri Akbar Haidri
_9193098
245 0 _aIqbaliat ke naye goshe
260 _aNew Delhi
_b Authur Self India
_c2006
300 _a445p.
_ccm.
650 _aURDU POETRY
942 _hO168,1M76:g(Q7), P6
_cTEXL
_2CC
999 _c416166
_d416166